Az uborka szezonja

Bibliographic Details
Main Author: Polák, László (Author)
Format: Article
Language:Hungarian
Slovak
Subjects:

MARC

LEADER 00000nab a2200000 a 4500
001 vtls000631107
003 SK-MaSNL
005 20260319074555.0
008 160314c1997 xo 0 hun
015 |a SNBRB19rr/mm-uuuuu 
035 |a CL0631246 
040 |a SNKBUCL  |b slo  |c SNKBUCL  |e AACR2 
041 0 |a slo 
044 |a xo  |c SK 
080 |a 894.511 (437.6)-9=945.11  |2 1981 
100 1 |a Polák, László  |4 aut  |9 748937 
245 1 3 |a Az uborka szezonja  |c László Polák 
650 0 7 |a črty  |2 snkbucl  |9 893809 
773 0 |t Új szó  |g Roč. 50, č. 150 (1. 7. 1997), s. 2 
850 |a Slovenská národná knižnica v Martine  |a DSG001 
852 |a SNK  |b KIS3GCP 
958 |a HU 
958 |a LX 
958 |a SK 
958 |a NX 
958 |a RK 
958 |a RBX 
999 |c 1459433  |d 1461363